• 首页
  • 本馆介绍
  • 公告通知
  • 最新文献
  • 馆藏检索
  • 电子资源
  • 读者导购
  • 参考咨询
  • 我的图书馆
  • 登录
  • 详细信息显示
  • 放入我的书架
  • 预约/预借图书
  • 作者相关作品
  • 分类相关作品
  • 丛书相关作品
  • 出版社相关作品

书目信息

  • 表格格式
  • 工作单格式
  • 卡片格式
题名:
怎样看电视机电路图
    
 
作者: 赵卫忠 , 赵忠卫 编
分册:  
出版信息: 北京   人民邮电出版社  1983
页数: 201页
开本: 19cm
丛书名:
单 册:
中图分类: TN949.8
科图分类:
主题词: 电视接收机-电路图 , 电视--传真通信 , 电路图-电视接收机
电子资源:
ISBN:
000 00778nam0 2200265 45
001 0183005306
005 20051226103629.93
010    @dCNY0.58
091    @a15045.总2771-无6252
100    @a19950630d1983 em y0chiy0121 ea
101 0  @achi
102    @aCN@b110000
105    @ay z 000yy
200 10 @a怎样看电视机电路图@Azen yang kan dian shi ji dian lu tu@f赵忠卫编著@Fzhao zhong wei bian zhu
210    @a北京@c人民邮电出版社@d1983
215    @a201页@d19cm
606    @a电视接收机-电路图
606 0  @a电视@x传真通信
606    @a电路图-电视接收机
690    @aTN949.8
701  0 @a赵卫忠@Azhao wei zhong@4编
701  0 @a赵忠卫@Azhao zhong wei@4编著
801  2 @aCN@bNLC@c20051226
801  0 @aCN@b上海图书馆@c20040518
905    @f2@b149149-150@dTN949.8@e77
    
    怎样看电视机电路图/赵忠卫编著.-北京:人民邮电出版社,1983
    201页;19cm
    
    
    ISBN :CNY0.58
    
●
相关链接 在E读中查询图书 在五车中查询图书 在当当中查询图书 在豆瓣中查询图书


正题名:怎样看电视机电路图     索取号:TN949.8/77         预约/预借

序号 登录号 条形码 馆藏地/架位号 状态 备注
1 0149149   001327442   第三借阅区/ [索取号:TN949.8/77] 在馆    
2 0149150   001325907   第二样本阅览室/ [索取号:TN949.8/77] 在馆    
3 0149151   202180512   密集书库/ [索取号:TN949.8/77] 在馆    
唐山师范学院图书馆 欢迎您!
大连网信软件有限公司© 版权所有